01322cam a2200337 i 450000100090000000300050000900500170001400800410003101000170007202000320008904000280012104200080014905000240015708200190018108400340020010000190023424501030025326400530035630000270040933600210043633700250045733800230048250502560050565000250076165000120078665000130079865000290081165000610084065000480090185600350094918826539NUST20220726133546.0151021s2015 nyu 001 0 eng  a 2015040860 a978-1-47361-378-2(hardback) aDLCbengcDLCerdadDLC apcc00aBF575.F14bS94 201500a158.1, SYE223 aBUS085000aBUS0410002bisacsh1 aSyed, Matthew.10aBlack box thinking :bwhy most people never learn from their mistakes-but some do /cMatthew Syed. 1aNew York, New York :bPortfolio/Penguin,c[2015] axi, 322 pages ;c24 cm atext2rdacontent aunmediated2rdamedia avolume2rdacarrier aPart I: The Logic of Failure (Page-1), Part II: Cognitive Dissonance (Page-67),Part III: Confronting Complexity (Page133-),Part IV: Small Steps and Giant Leaps (Page-181),Part V: The Blame Game (Page-229),Part VI: Creating a Growth Culture (Page-267). 0aFailure (Psychology) 0aErrors. 0aSuccess. 0aOrganizational behavior. 7aBUSINESS & ECONOMICS / Organizational Behavior.2bisacsh 7aBUSINESS & ECONOMICS / Management.2bisacsh423Cover imageu9781591848226.jpg